000 00262nam a2200109Ia 4500
008 220120s9999||||xx |||||||||||||| ||und||
082 _a005.13 BAL
100 _aBalaguruswamy, E
245 0 _aObject oriented programming with C++
260 _c2002
300 _b0
999 _c136608
_d136608